书目信息 |
| 题名: |
岩土工程数值分析
|
|
| 作者: | 廖红建 , 王铁行 编著 | |
| 分册: | ||
| 出版信息: | 北京 机械工业出版社 2006.02 |
|
| 页数: | 274页 | |
| 开本: | 24cm | |
| 丛书名: | ||
| 单 册: | ||
| 中图分类: | TU4 | |
| 科图分类: | ||
| 主题词: | 岩土工程--yan tu gong cheng--数值计算--研究生--教材 | |
| 电子资源: | ||
| ISBN: | 7-111-18211-1 | |
| 000 | 01099nam0 2200253 450 | |
| 001 | 012006239562 | |
| 005 | 20120407094333.46 | |
| 010 | @a7-111-18211-1@dCNY25.00 | |
| 100 | @a20060617d2006 km y0chiy0120 ea | |
| 101 | 0 | @achi |
| 102 | @aCN@b110000 | |
| 105 | @aa a 000yy | |
| 200 | 1 | @a岩土工程数值分析@Ayan tu gong cheng shu zhi fen xi@f廖红建, 王铁行等编著@Fliao hong jian,wang tie xing deng bian zhu |
| 210 | @a北京@c机械工业出版社@d2006.02 | |
| 215 | @a274页@c图@d24cm | |
| 300 | @a土木工程研究生系列教材 | |
| 320 | @a有书目 (第273-274页) | |
| 330 | @a全书较系统地介绍了岩土工程问题的数值解析方法的基本理论及基在岩土工程中的应用, 内容包括土的本构模型、有限差分法、有限元法、边界元法、离散元法和岩土工程数值分析新方法, 以及岩土工程应力及变形问题有限元分析、固结问题有限元分析、土体渗流问题数值分析和土体温度场的有限元分析和岩土工程数值分析新方法等。 | |
| 606 | 0 | @a岩土工程@Ayan tu gong cheng@x数值计算@x研究生@j教材 |
| 690 | @aTU4@v4 | |
| 701 | 0 | @a廖红建@Aliao hong jian@4编著 |
| 701 | 0 | @a王铁行@Awang tie xing@4编著 |
| 801 | 0 | @aCN@bQSSK@c20060919 |
| 905 | @a10447@dTU4@eL466 | |
| 岩土工程数值分析/廖红建, 王铁行等编著.-北京:机械工业出版社,2006.02 |
| 274页:图;24cm |
| 土木工程研究生系列教材 |
| ISBN 7-111-18211-1:CNY25.00 |
| 全书较系统地介绍了岩土工程问题的数值解析方法的基本理论及基在岩土工程中的应用, 内容包括土的本构模型、有限差分法、有限元法、边界元法、离散元法和岩土工程数值分析新方法, 以及岩土工程应力及变形问题有限元分析、固结问题有限元分析、土体渗流问题数值分析和土体温度场的有限元分析和岩土工程数值分析新方法等。 |
| ● |
| 相关链接 |
|
|
|
正题名:岩土工程数值分析
索取号:TU4/L466
 
预约/预借
| 序号 | 登录号 | 条形码 | 馆藏地/架位号 | 状态 | 备注 |
| 1 | 485301 | 204853015 | 土木与交通工程学院资料室/ [索取号:TU4/L466] |
已借出,限还日期为2017.11.16 借出人:魏丽君 |
|
| 2 | 588756 | 205887566 | 建筑库101/101建筑库 92排3列4层/ [索取号:TU4/L466] | 在馆 | |
| 3 | 588757 | 205887575 | 建筑库101/101建筑库 92排3列4层/ [索取号:TU4/L466] | 在馆 | |
| 4 | 588758 | 205887584 | 建筑库101/101建筑库 92排3列4层/ [索取号:TU4/L466] | 在馆 |